LEADER 02096oas 2200841 a 450 001 9910143066603321 005 20260218110406.0 011 $a1477-7800 035 $a(DE-599)ZDB2571096-5 035 $a(OCoLC)55056669 035 $a(CONSER) 2004243540 035 $a(CKB)111082750853000 035 $a(DE-599)2571096-5 035 $a(EXLCZ)99111082750853000 100 $a20040430b20042010 sy 101 0 $aeng 135 $aurmnu|||||||| 181 $ctxt$2rdacontent 182 $cc$2rdamedia 183 $acr$2rdacarrier 200 00$aInternational seminars in surgical oncology $eISSO 210 $a[London] $cBioMed Central$d2004- 300 $aRefereed/Peer-reviewed 300 $aTitle from issue caption (PDF) (viewed July 26, 2004). 300 $aArticles added on an individual basis as accepted. 517 3 $aISSO 531 10$aInt Semin Surg Oncol 606 $aCancer$xSurgery$vPeriodicals 606 $aNeoplasms$xsurgery 606 $aOncology$2ebps 606 $aSurgery$2ebps 606 $aCancer$xSurgery$2fast$3(OCoLC)fst00845532 608 $aPeriodical. 608 $aInternet Resources. 608 $aPeriodicals. 608 $aFulltext. 608 $aPeriodicals.$2fast 615 0$aCancer$xSurgery 615 12$aNeoplasms$xsurgery. 615 7$aOncology. 615 7$aSurgery. 615 7$aCancer$xSurgery. 712 02$aBioMed Central Ltd. 801 0$bVPI 801 1$bVPI 801 2$bCGU 801 2$bYUH 801 2$bOCLCQ 801 2$bNLM 801 2$bCUS 801 2$bOCLCQ 801 2$bHEBIS 801 2$bNLM 801 2$bOCLCQ 801 2$bTWT 801 2$bOCLCF 801 2$bEUW 801 2$bOCLCQ 801 2$bWT2 801 2$bOCLCO 801 2$bOCLCA 801 2$bOCLCQ 801 2$bAU@ 801 2$bOCLCA 801 2$bOCLCQ 801 2$bSRU 801 2$bOCLCQ 801 2$bOCLCL 801 2$bOCLCQ 906 $aJOURNAL 912 $a9910143066603321 996 $aInternational seminars in surgical oncology$92235559 997 $aUNINA